00532nam a2200157 a 450000100100000000500170001000800410002704000250006811000590009324500320015226000390018430000200022304900090024395201050025299900170035700003166520200930063104.0110629s1975 dr 000 0 spa d aDO-SdBNPbspacBNPHU2 aInstituto de Desarrollo y Crédito Cooperativo93632710aCooperativas agropecuarias. a[Santo Domingo] :bIDECOOP,c1975. a11 p. ;c21 cm. aBNPD 0010718PDaPDbPDcCTd2011-06-29iLF1l0o p31665-10r2020-06-25w2020-06-25yLFPDZNo se presta c31157d31157